Fasting, longevity, and immortality / (Запис № 495673)

МАРК-запис
000 -LEADER
fixed length control field 01126nam a2200253Ia 4500
001 - CONTROL NUMBER
control field fastinglongevity00johnrich
003 - CONTROL NUMBER IDENTIFIER
control field CaSfIA
005 - DATE AND TIME OF LATEST TRANSACTION
control field 20210118082755.0
007 - PHYSICAL DESCRIPTION FIXED FIELD--GENERAL INFORMATION
fixed length control field cr||||
008 - FIXED-LENGTH DATA ELEMENTS--GENERAL INFORMATION
fixed length control field 810508s1978 ctu 000 0 eng d
040 ## - CATALOGING SOURCE
Original cataloging agency IHT
Transcribing agency IHT
Modifying agency CaSfIA
035 ## - SYSTEM CONTROL NUMBER
System control number (OCoLC)7403153
090 ## - LOCALLY ASSIGNED LC-TYPE CALL NUMBER (OCLC); LOCAL CALL NUMBER (OCLC)
Classification number (OCLC) (R) ; Classification number, CALL (RLIN) (NR) RM226.5
Local cutter number (OCLC) ; Book number/undivided call number, CALL (RLIN) .J6x
100 1# - MAIN ENTRY--PERSONAL NAME
Personal name Johnson, Charles W.
245 10 - TITLE STATEMENT
Title Fasting, longevity, and immortality /
Medium [electronic resource]
Statement of responsibility, etc Charles W. Johnson.
260 ## - PUBLICATION, DISTRIBUTION, ETC. (IMPRINT)
Place of publication, distribution, etc Haddam, CT :
Name of publisher, distributor, etc Survival,
Date of publication, distribution, etc 1978.
300 ## - PHYSICAL DESCRIPTION
Extent iv, 213 p. ;
Dimensions 21 cm.
506 ## - RESTRICTIONS ON ACCESS NOTE
Standardized terminology for access restriction Необхідна авторизація на https://archive.org/ (створення облікового запису безкоштовно)
506 ## - RESTRICTIONS ON ACCESS NOTE
Standardized terminology for access restriction Необхідна авторизація на https://openlibrary.org/ (створення облікового запису безкоштовно)
650 #0 - SUBJECT ADDED ENTRY--TOPICAL TERM
Topical term or geographic name as entry element Fasting.
856 41 - ELECTRONIC LOCATION AND ACCESS
Uniform Resource Identifier <a href="http://www.archive.org/details/fastinglongevity00johnrich">http://www.archive.org/details/fastinglongevity00johnrich</a>
Public note Free eBook from the Internet Archive
856 42 - ELECTRONIC LOCATION AND ACCESS
Uniform Resource Identifier <a href="http://www.openlibrary.org/books/OL24206857M">http://www.openlibrary.org/books/OL24206857M</a>
Public note Additional information and access via Open Library
942 ## - ADDED ENTRY ELEMENTS (KOHA)
Koha item type ЕКнига

Немає доступних примірників.